[Event "DEM U18 2025"]
[Site "Willingen GER"]
[Date "2025.06.11"]
[Round "6"]
[White "Petzold, Johannes Julius"]
[Black "Rempe, Jonas"]
[Result "0-1"]
[Termination "normal"]
[Board "10"]
[BlackTitle "CM"]
[WhiteElo "1986"]
[BlackElo "2135"]
[WhiteClock "00:02:49"]
[BlackClock "00:37:28"]
[PlyCount "68"]
[WhiteFideId "16289455"]
[BlackFideId "16202406"]
[EventCountry "GER"]
[EventRounds "9"]
[EventType "swiss"]
[EventDate "2025.06.07"]

1. e4 {[%clk 01:30:56]} {[%emt 00:00:03]} e5 {[%emt 00:00:09]} 2. Nf3 {[%clk
01:31:19]} {[%emt 00:00:03]} Nc6 {[%clk 01:31:23]} {[%emt 00:00:04]} 3. Bc4
{[%clk 01:31:34]} {[%emt 00:00:15]} Nf6 {[%clk 01:31:47]} {[%emt 00:00:05]} 4.
d3 {[%clk 01:31:55]} {[%emt 00:00:10]} h6 {[%clk 01:32:01]} {[%emt 00:00:16]}
5. O-O {[%clk 01:31:47]} {[%emt 00:00:38]} d6 {[%clk 01:32:26]} {[%emt
00:00:04]} 6. a4 {[%clk 01:31:35]} {[%emt 00:00:43]} g5 {[%clk 01:32:51]}
{[%emt 00:00:05]} 7. Nc3 {[%clk 01:31:36]} {[%emt 00:00:28]} Bg7 {[%clk
01:32:43]} {[%emt 00:00:39]} 8. Re1 {[%clk 01:23:45]} {[%emt 00:08:21]} Bg4
{[%clk 01:24:54]} {[%emt 00:08:19]} 9. Be3 {[%clk 01:14:54]} {[%emt 00:09:21]}
Qd7 {[%clk 01:25:05]} {[%emt 00:00:19]} 10. a5 {[%clk 01:10:26]} {[%emt
00:04:58]} a6 {[%clk 01:25:18]} {[%emt 00:00:18]} 11. Nd5 {[%clk 01:08:37]}
{[%emt 00:02:18]} Nxd5 {[%clk 01:16:51]} {[%emt 00:08:57]} 12. Bxd5 {[%clk
01:07:07]} {[%emt 00:02:00]} O-O-O {[%clk 01:08:54]} {[%emt 00:08:26]} 13. Bxc6
{[%clk 00:59:51]} {[%emt 00:07:47]} Qxc6 {[%clk 01:09:18]} {[%emt 00:00:05]}
14. c4 {[%clk 00:48:56]} {[%emt 00:11:26]} f5 {[%clk 01:05:53]} {[%emt
00:03:55]} 15. h3 {[%clk 00:47:57]} {[%emt 00:01:28]} Bxf3 {[%clk 01:04:09]}
{[%emt 00:02:15]} 16. Qxf3 {[%clk 00:48:15]} {[%emt 00:00:12]} f4 {[%clk
01:04:34]} {[%emt 00:00:05]} 17. Bd2 {[%clk 00:43:59]} {[%emt 00:04:46]} h5
{[%clk 01:04:04]} {[%emt 00:00:59]} 18. b4 {[%clk 00:36:19]} {[%emt 00:08:11]}
Qd7 {[%clk 01:04:28]} {[%emt 00:00:06]} 19. Qd1 {[%clk 00:36:28]} {[%emt
00:00:21]} g4 {[%clk 01:03:29]} {[%emt 00:01:29]} 20. h4 {[%clk 00:36:19]}
{[%emt 00:00:39]} Qe7 {[%clk 01:02:10]} {[%emt 00:01:48]} 21. g3 {[%clk
00:35:52]} {[%emt 00:00:57]} Rdf8 {[%clk 01:02:06]} {[%emt 00:00:34]} 22. Rf1
{[%clk 00:30:48]} {[%emt 00:05:35]} Bf6 {[%clk 01:00:10]} {[%emt 00:02:26]} 23.
c5 {[%clk 00:23:00]} {[%emt 00:08:18]} Bxh4 {[%clk 00:52:14]} {[%emt 00:08:26]}
24. cxd6 {[%clk 00:23:14]} {[%emt 00:00:16]} Qxd6 {[%clk 00:51:15]} {[%emt
00:01:29]} 25. gxh4 {[%clk 00:20:01]} {[%emt 00:03:43]} Qxd3 {[%clk 00:50:52]}
{[%emt 00:00:53]} 26. Rc1 {[%clk 00:04:58]} {[%emt 00:15:33]} Qh3 {[%clk
00:50:18]} {[%emt 00:01:03]} 27. f3 {[%clk 00:05:24]} {[%emt 00:00:04]} Rhg8
{[%clk 00:50:05]} {[%emt 00:00:44]} 28. Kf2 {[%clk 00:04:14]} {[%emt 00:01:40]}
Rd8 {[%clk 00:39:40]} {[%emt 00:10:55]} 29. Rc3 {[%clk 00:02:36]} {[%emt
00:02:08]} Qh2+ {[%clk 00:35:35]} {[%emt 00:04:34]} 30. Ke1 {[%clk 00:03:00]}
{[%emt 00:00:07]} g3 {[%clk 00:36:01]} {[%emt 00:00:04]} 31. Qc2 {[%clk
00:01:55]} {[%emt 00:01:34]} g2 {[%clk 00:36:22]} {[%emt 00:00:10]} 32. Rxc7+
{[%clk 00:02:16]} {[%emt 00:00:09]} Kb8 {[%clk 00:36:47]} {[%emt 00:00:05]} 33.
Rf2 {[%clk 00:02:27]} {[%emt 00:00:18]} g1=Q+ {[%clk 00:37:11]} {[%emt
00:00:06]} 34. Rf1 {[%clk 00:02:49]} {[%emt 00:00:09]} Qhf2+ {[%clk 00:37:28]}
{[%emt 00:00:12]} 0-1

[Event "DEM U18 2025"]
[Site "Willingen GER"]
[Date "2025.06.11"]
[Round "6"]
[White "Ensslinger, Colin"]
[Black "Lippitz, Jaden"]
[Result "1-0"]
[Termination "normal"]
[Board "11"]
[WhiteElo "2081"]
[BlackElo "1828"]
[WhiteClock "00:36:20"]
[BlackClock "00:13:37"]
[PlyCount "87"]
[WhiteFideId "16226011"]
[BlackFideId "34608893"]
[EventCountry "GER"]
[EventRounds "9"]
[EventType "swiss"]
[EventDate "2025.06.07"]

1. e4 {[%clk 01:30:42]} {[%emt 00:00:18]} e5 {[%clk 01:30:52]} {[%emt
00:00:08]} 2. Nf3 {[%clk 01:31:08]} {[%emt 00:00:04]} Nc6 {[%clk 01:31:18]}
{[%emt 00:00:04]} 3. Bb5 {[%clk 01:31:36]} {[%emt 00:00:03]} Nf6 {[%clk
01:31:38]} {[%emt 00:00:10]} 4. d3 {[%clk 01:31:55]} {[%emt 00:00:10]} Bc5
{[%clk 01:31:49]} {[%emt 00:00:19]} 5. Bxc6 {[%clk 01:32:16]} {[%emt 00:00:09]}
dxc6 {[%clk 01:32:05]} {[%emt 00:00:15]} 6. Nbd2 {[%clk 01:32:40]} {[%emt
00:00:05]} Qe7 {[%clk 01:31:32]} {[%emt 00:01:03]} 7. Nc4 {[%clk 01:32:32]}
{[%emt 00:00:38]} Bd6 {[%clk 01:29:24]} {[%emt 00:02:37]} 8. h3 {[%clk
01:32:38]} {[%emt 00:00:24]} h6 {[%clk 01:28:52]} {[%emt 00:01:02]} 9. Bd2
{[%clk 01:31:54]} {[%emt 00:01:15]} b6 {[%clk 01:25:00]} {[%emt 00:04:22]} 10.
a4 {[%clk 01:30:40]} {[%emt 00:01:43]} Ba6 {[%clk 01:23:59]} {[%emt 00:01:32]}
11. Ne3 {[%clk 01:30:39]} {[%emt 00:00:30]} g6 {[%clk 01:20:35]} {[%emt
00:03:55]} 12. Qb1 {[%clk 01:23:40]} {[%emt 00:07:29]} Nd7 {[%clk 01:14:57]}
{[%emt 00:06:07]} 13. b3 {[%clk 01:21:53]} {[%emt 00:02:18]} f6 {[%clk
01:12:50]} {[%emt 00:02:37]} 14. h4 {[%clk 01:19:29]} {[%emt 00:02:54]} Bc5
{[%clk 01:06:18]} {[%emt 00:07:01]} 15. Ng4 {[%clk 01:11:06]} {[%emt 00:08:54]}
h5 {[%clk 01:05:06]} {[%emt 00:01:43]} 16. Ngh2 {[%clk 01:11:22]} {[%emt
00:00:14]} Qe6 {[%clk 01:01:44]} {[%emt 00:03:51]} 17. Nf1 {[%clk 01:08:50]}
{[%emt 00:03:02]} Bf8 {[%clk 00:56:52]} {[%emt 00:05:22]} 18. Qb2 {[%clk
01:06:37]} {[%emt 00:02:43]} Bh6 {[%clk 00:56:16]} {[%emt 00:01:06]} 19. Bxh6
{[%clk 01:06:47]} {[%emt 00:00:19]} Rxh6 {[%clk 00:56:39]} {[%emt 00:00:08]}
20. Ne3 {[%clk 01:07:13]} {[%emt 00:00:03]} c5 {[%clk 00:54:45]} {[%emt
00:02:25]} 21. Nd5 {[%clk 00:58:01]} {[%emt 00:09:41]} Qd6 {[%clk 00:53:14]}
{[%emt 00:02:01]} 22. Qc1 {[%clk 00:57:55]} {[%emt 00:00:36]} Rh8 {[%clk
00:51:40]} {[%emt 00:02:04]} 23. Ne3 {[%clk 00:57:23]} {[%emt 00:01:03]} Bb7
{[%clk 00:50:07]} {[%emt 00:02:03]} 24. Qb2 {[%clk 00:54:31]} {[%emt 00:03:21]}
Rf8 {[%clk 00:49:14]} {[%emt 00:01:24]} 25. O-O-O {[%clk 00:53:36]} {[%emt
00:01:24]} O-O-O {[%clk 00:45:12]} {[%emt 00:04:33]} 26. g4 {[%clk 00:51:13]}
{[%emt 00:02:52]} hxg4 {[%clk 00:40:40]} {[%emt 00:05:02]} 27. Nxg4 {[%clk
00:50:26]} {[%emt 00:01:17]} Qe6 {[%clk 00:39:25]} {[%emt 00:01:46]} 28. Ne3
{[%clk 00:47:09]} {[%emt 00:03:47]} f5 {[%clk 00:33:44]} {[%emt 00:06:11]} 29.
Ng5 {[%clk 00:47:10]} {[%emt 00:00:28]} Qe7 {[%clk 00:33:51]} {[%emt 00:00:23]}
30. f3 {[%clk 00:47:11]} {[%emt 00:00:29]} Rh8 {[%clk 00:29:14]} {[%emt
00:05:07]} 31. Rdg1 {[%clk 00:45:06]} {[%emt 00:02:34]} Rdf8 {[%clk 00:26:06]}
{[%emt 00:03:40]} 32. Kb1 {[%clk 00:44:35]} {[%emt 00:01:00]} Rh6 {[%clk
00:21:49]} {[%emt 00:04:47]} 33. Qc3 {[%clk 00:42:02]} {[%emt 00:03:03]} Rfh8
{[%clk 00:19:57]} {[%emt 00:02:23]} 34. exf5 {[%clk 00:40:19]} {[%emt
00:02:13]} Rxh4 {[%clk 00:19:51]} {[%emt 00:00:36]} 35. Rxh4 {[%clk 00:40:42]}
{[%emt 00:00:07]} Rxh4 {[%clk 00:20:14]} {[%emt 00:00:07]} 36. fxg6 {[%clk
00:41:03]} {[%emt 00:00:08]} Rh5 {[%clk 00:18:16]} {[%emt 00:02:28]} 37. Nf5
{[%clk 00:38:53]} {[%emt 00:02:41]} Qf6 {[%clk 00:16:56]} {[%emt 00:01:49]} 38.
Qc4 {[%clk 00:35:28]} {[%emt 00:03:55]} Rxg5 {[%clk 00:13:16]} {[%emt
00:04:09]} 39. Rxg5 {[%clk 00:35:36]} {[%emt 00:00:23]} Qxg5 {[%clk 00:13:28]}
{[%emt 00:00:18]} 40. Qg8+ {[%clk 00:36:00]} {[%emt 00:00:06]} Nf8 {[%clk
00:13:47]} {[%emt 00:00:12]} 41. Qxf8+ {[%clk 00:36:25]} {[%emt 00:00:04]} Kd7
{[%clk 00:14:02]} {[%emt 00:00:15]} 42. Qf7+ {[%clk 00:36:17]} {[%emt
00:00:38]} Kc6 {[%clk 00:13:28]} {[%emt 00:01:04]} 43. Qe8+ {[%clk 00:35:54]}
{[%emt 00:00:53]} Kd5 {[%clk 00:13:37]} {[%emt 00:00:21]} 44. Qd7# {[%clk
00:36:20]} {[%emt 00:00:04]} 1-0

[Event "DEM U18 2025"]
[Site "Willingen GER"]
[Date "2025.06.11"]
[Round "6"]
[White "Sieber, Bert"]
[Black "Deschler, Arne"]
[Result "1-0"]
[Termination "normal"]
[Board "13"]
[WhiteElo "1996"]
[BlackElo "2055"]
[WhiteClock "00:15:40"]
[BlackClock "00:33:26"]
[PlyCount "99"]
[WhiteFideId "16265971"]
[BlackFideId "16274415"]
[EventCountry "GER"]
[EventRounds "9"]
[EventType "swiss"]
[EventDate "2025.06.07"]

1. d4 {[%clk 01:31:00]} d5 {[%clk 01:30:55]} {[%emt 00:00:06]} 2. c4 {[%clk
01:31:24]} {[%emt 00:00:03]} e6 {[%clk 01:31:21]} {[%emt 00:00:06]} 3. Nc3
{[%clk 01:31:47]} {[%emt 00:00:06]} Nf6 {[%clk 01:31:47]} {[%emt 00:00:05]} 4.
cxd5 {[%clk 01:32:10]} {[%emt 00:00:06]} exd5 {[%clk 01:32:13]} {[%emt
00:00:05]} 5. Bg5 {[%clk 01:32:32]} {[%emt 00:00:07]} c6 {[%clk 01:32:40]}
{[%emt 00:00:04]} 6. e3 {[%clk 01:32:54]} {[%emt 00:00:08]} h6 {[%clk
01:33:00]} {[%emt 00:00:10]} 7. Bh4 {[%clk 01:33:19]} {[%emt 00:00:05]} Be7
{[%clk 01:33:23]} {[%emt 00:00:05]} 8. Bd3 {[%clk 01:33:33]} {[%emt 00:00:18]}
O-O {[%clk 01:33:48]} {[%emt 00:00:04]} 9. Bg3 {[%clk 01:32:27]} {[%emt
00:01:37]} Re8 {[%clk 01:30:53]} {[%emt 00:03:24]} 10. h3 {[%clk 01:32:26]}
{[%emt 00:00:32]} Nbd7 {[%clk 01:29:04]} {[%emt 00:02:16]} 11. Nge2 {[%clk
01:32:07]} {[%emt 00:00:52]} a5 {[%clk 01:15:28]} {[%emt 00:14:06]} 12. O-O
{[%clk 01:30:36]} {[%emt 00:02:00]} b5 {[%clk 01:07:30]} {[%emt 00:08:30]} 13.
Rc1 {[%clk 01:28:10]} {[%emt 00:02:56]} Ba6 {[%clk 01:03:06]} {[%emt 00:04:53]}
14. Kh1 {[%clk 01:04:46]} {[%emt 00:23:54]} Bb4 {[%clk 00:54:53]} {[%emt
00:08:43]} 15. Nf4 {[%clk 00:49:33]} {[%emt 00:15:42]} Qe7 {[%clk 00:48:07]}
{[%emt 00:07:16]} 16. a4 {[%clk 00:39:22]} {[%emt 00:10:43]} bxa4 {[%clk
00:39:53]} {[%emt 00:08:43]} 17. Bxa6 {[%clk 00:36:33]} {[%emt 00:03:18]} Rxa6
{[%clk 00:40:08]} {[%emt 00:00:15]} 18. Nxa4 {[%clk 00:35:04]} {[%emt
00:01:59]} Ne4 {[%clk 00:33:41]} {[%emt 00:06:57]} 19. Bh2 {[%clk 00:34:36]}
{[%emt 00:00:58]} Qf6 {[%clk 00:23:43]} {[%emt 00:10:28]} 20. Qe2 {[%clk
00:32:35]} {[%emt 00:02:31]} Raa8 {[%clk 00:23:27]} {[%emt 00:00:46]} 21. Rc2
{[%clk 00:30:58]} {[%emt 00:02:08]} Nb8 {[%clk 00:18:34]} {[%emt 00:05:23]} 22.
Rfc1 {[%clk 00:22:45]} {[%emt 00:08:42]} Bd6 {[%clk 00:14:18]} {[%emt
00:04:47]} 23. Qg4 {[%clk 00:14:36]} {[%emt 00:08:38]} Qg5 {[%clk 00:12:35]}
{[%emt 00:02:14]} 24. Qxg5 {[%clk 00:11:48]} {[%emt 00:03:17]} hxg5 {[%clk
00:12:44]} {[%emt 00:00:20]} 25. Nd3 {[%clk 00:12:11]} {[%emt 00:00:08]} f6
{[%clk 00:12:07]} {[%emt 00:01:08]} 26. Nac5 {[%clk 00:07:42]} {[%emt
00:04:59]} Bxh2 {[%clk 00:11:42]} {[%emt 00:01:24]} 27. Kxh2 {[%clk 00:08:41]}
Nd6 {[%clk 00:10:22]} {[%emt 00:01:51]} 28. Ra1 {[%clk 00:07:51]} {[%emt
00:01:21]} Re7 {[%clk 00:09:05]} {[%emt 00:01:47]} 29. b3 {[%clk 00:05:58]}
{[%emt 00:02:23]} Raa7 {[%clk 00:07:45]} {[%emt 00:01:50]} 30. Rca2 {[%clk
00:05:47]} {[%emt 00:00:40]} Nb7 {[%clk 00:07:00]} {[%emt 00:01:16]} 31. b4
{[%clk 00:04:21]} {[%emt 00:01:56]} Na6 {[%clk 00:06:46]} {[%emt 00:00:43]} 32.
Nxa6 {[%clk 00:03:16]} {[%emt 00:01:36]} Rxa6 {[%clk 00:07:15]} {[%emt
00:00:01]} 33. bxa5 {[%clk 00:03:33]} {[%emt 00:00:13]} Rc7 {[%clk 00:06:43]}
{[%emt 00:01:01]} 34. Nb4 {[%emt 00:01:12]} Ra8 {[%clk 00:07:09]} {[%emt
00:00:01]} 35. a6 {[%clk 00:01:39]} {[%emt 00:01:47]} Nd6 {[%clk 00:07:38]} 36.
Ra5 {[%clk 00:01:47]} {[%emt 00:00:22]} Kf7 {[%clk 00:06:34]} {[%emt 00:01:33]}
37. Rc5 {[%clk 00:01:14]} {[%emt 00:01:03]} Ne4 {[%clk 00:06:15]} {[%emt
00:00:49]} 38. Rc2 {[%clk 00:01:27]} {[%emt 00:00:17]} Ke6 {[%clk 00:06:36]}
{[%emt 00:00:08]} 39. f3 {[%clk 00:01:17]} {[%emt 00:00:40]} Nd6 {[%clk
00:06:58]} {[%emt 00:00:08]} 40. Rxc6 {[%clk 00:00:51]} {[%emt 00:00:57]} Rxc6
{[%clk 00:07:26]} {[%emt 00:00:02]} 41. Nxc6 {[%clk 00:01:10]} {[%emt
00:00:11]} Nc4 {[%clk 00:07:50]} {[%emt 00:00:06]} 42. Nb4 {[%clk 00:22:10]}
{[%emt 00:09:29]} Kd6 {[%clk 00:35:35]} {[%emt 00:02:45]} 43. e4 {[%clk
00:21:27]} {[%emt 00:01:14]} dxe4 {[%clk 00:36:02]} {[%emt 00:00:04]} 44. fxe4
{[%clk 00:21:11]} {[%emt 00:00:45]} Nd2 {[%clk 00:35:35]} {[%emt 00:00:57]} 45.
Re1 {[%clk 00:19:26]} {[%emt 00:02:14]} Nb3 {[%clk 00:32:54]} {[%emt 00:03:11]}
46. e5+ {[%clk 00:18:03]} {[%emt 00:01:54]} fxe5 {[%clk 00:33:22]} 47. Rxe5
{[%clk 00:15:57]} {[%emt 00:02:36]} Rb8 {[%clk 00:33:51]} 48. a7 {[%clk
00:15:13]} {[%emt 00:01:17]} Ra8 {[%clk 00:34:15]} {[%emt 00:00:06]} 49. Rxg5
{[%clk 00:15:30]} {[%emt 00:00:12]} Nxd4 {[%clk 00:33:26]} {[%emt 00:01:19]}
50. Rd5+ {[%clk 00:15:40]} {[%emt 00:00:20]} 1-0

[Event "DEM U18 2025"]
[Site "Willingen GER"]
[Date "2025.06.11"]
[Round "6"]
[White "Cilo, Selimhan"]
[Black "Eitel, Luc"]
[Result "1-0"]
[Termination "normal"]
[Board "14"]
[WhiteElo "2164"]
[BlackElo "1935"]
[WhiteClock "01:10:34"]
[BlackClock "00:54:49"]
[PlyCount "47"]
[WhiteFideId "16246756"]
[BlackFideId "16299728"]
[EventCountry "GER"]
[EventRounds "9"]
[EventType "swiss"]
[EventDate "2025.06.07"]

1. e4 {[%clk 01:30:58]} {[%emt 00:00:02]} c5 {[%clk 01:30:56]} {[%emt
00:00:04]} 2. Nf3 {[%clk 01:31:20]} {[%emt 00:00:08]} d6 {[%clk 01:31:22]}
{[%emt 00:00:04]} 3. Bb5+ {[%clk 01:31:44]} {[%emt 00:00:07]} Nd7 {[%clk
01:31:47]} {[%emt 00:00:04]} 4. a4 {[%clk 01:32:04]} {[%emt 00:00:10]} Ngf6
{[%clk 01:31:40]} {[%emt 00:00:37]} 5. Nc3 {[%clk 01:32:26]} {[%emt 00:00:08]}
g6 {[%clk 01:31:52]} {[%emt 00:00:18]} 6. a5 {[%clk 01:32:09]} {[%emt
00:00:48]} a6 {[%clk 01:32:11]} {[%emt 00:00:11]} 7. Bc4 {[%clk 01:31:06]}
{[%emt 00:01:33]} Bg7 {[%clk 01:32:26]} {[%emt 00:00:14]} 8. Bxf7+ {[%clk
01:30:10]} {[%emt 00:01:27]} Kxf7 {[%clk 01:28:03]} {[%emt 00:04:52]} 9. Ng5+
{[%clk 01:30:31]} {[%emt 00:00:10]} Kg8 {[%clk 01:28:05]} {[%emt 00:00:26]} 10.
Ne6 {[%clk 01:29:57]} {[%emt 00:01:05]} Qe8 {[%clk 01:28:25]} {[%emt 00:00:08]}
11. Nc7 {[%clk 01:29:29]} {[%emt 00:01:01]} Qd8 {[%clk 01:28:40]} {[%emt
00:00:12]} 12. Nxa8 {[%clk 01:29:46]} {[%emt 00:00:16]} b5 {[%clk 01:25:36]}
{[%emt 00:03:34]} 13. axb6 {[%clk 01:28:15]} {[%emt 00:02:00]} Nxb6 {[%clk
01:25:48]} {[%emt 00:00:18]} 14. Nxb6 {[%clk 01:28:22]} {[%emt 00:00:25]} Qxb6
{[%clk 01:26:13]} {[%emt 00:00:04]} 15. Qe2 {[%clk 01:27:42]} {[%emt 00:01:09]}
e5 {[%clk 01:22:21]} {[%emt 00:04:22]} 16. Qc4+ {[%clk 01:25:32]} {[%emt
00:02:40]} Kf8 {[%clk 01:20:28]} {[%emt 00:02:22]} 17. O-O {[%clk 01:25:20]}
{[%emt 00:00:43]} Qb4 {[%clk 01:17:15]} {[%emt 00:03:43]} 18. Qe2 {[%clk
01:23:35]} {[%emt 00:02:15]} Kf7 {[%clk 01:14:40]} {[%emt 00:03:05]} 19. Ra4
{[%clk 01:21:14]} {[%emt 00:02:52]} Qb6 {[%clk 01:10:10]} {[%emt 00:04:57]} 20.
Qc4+ {[%clk 01:20:28]} {[%emt 00:01:18]} Ke8 {[%clk 01:08:04]} {[%emt
00:02:35]} 21. d3 {[%clk 01:20:16]} {[%emt 00:00:43]} Rf8 {[%clk 01:05:48]}
{[%emt 00:02:45]} 22. Bg5 {[%clk 01:12:29]} {[%emt 00:08:18]} Qxb2 {[%clk
00:56:36]} {[%emt 00:09:42]} 23. Rb1 {[%clk 01:10:53]} {[%emt 00:02:06]} Qxc2
{[%clk 00:54:49]} {[%emt 00:02:17]} 24. Ra2 {[%clk 01:10:34]} {[%emt 00:00:50]}
1-0

[Event "DEM U18 2025"]
[Site "Willingen GER"]
[Date "2025.06.11"]
[Round "6"]
[White "Isbilir, Levin"]
[Black "Hanmuradov, Ülwi"]
[Result "1-0"]
[Termination "normal"]
[Board "15"]
[WhiteElo "2118"]
[BlackElo "1790"]
[WhiteClock "00:02:44"]
[BlackClock "00:08:13"]
[PlyCount "109"]
[WhiteFideId "16267192"]
[BlackFideId "34658840"]
[EventCountry "GER"]
[EventRounds "9"]
[EventType "swiss"]
[EventDate "2025.06.07"]

1. e4 {[%clk 01:30:54]} {[%emt 00:00:05]} c5 {[%clk 01:30:53]} {[%emt
00:00:07]} 2. Nf3 {[%clk 01:31:16]} {[%emt 00:00:09]} Nc6 {[%clk 01:31:11]}
{[%emt 00:00:12]} 3. Bb5 {[%clk 01:31:32]} {[%emt 00:00:14]} Nf6 {[%clk
01:31:33]} {[%emt 00:00:08]} 4. Bxc6 {[%clk 01:31:46]} {[%emt 00:00:15]} dxc6
{[%clk 01:31:57]} {[%emt 00:00:06]} 5. d3 {[%clk 01:32:10]} {[%emt 00:00:07]}
Qc7 {[%clk 01:31:26]} {[%emt 00:01:01]} 6. e5 {[%clk 01:30:03]} {[%emt
00:02:37]} Nd5 {[%clk 01:31:14]} {[%emt 00:00:41]} 7. O-O {[%clk 00:52:11]}
{[%emt 00:38:23]} Bg4 {[%clk 01:29:36]} {[%emt 00:02:08]} 8. Nbd2 {[%clk
00:52:21]} {[%emt 00:00:19]} e6 {[%clk 01:20:14]} {[%emt 00:09:52]} 9. h3
{[%clk 00:50:12]} {[%emt 00:02:39]} Bh5 {[%clk 01:18:54]} {[%emt 00:01:50]} 10.
Re1 {[%clk 00:43:27]} {[%emt 00:07:15]} Be7 {[%clk 01:13:19]} {[%emt 00:06:05]}
11. Nf1 {[%clk 00:43:12]} {[%emt 00:00:44]} O-O {[%clk 01:09:08]} {[%emt
00:04:41]} 12. Ng3 {[%clk 00:43:08]} {[%emt 00:00:35]} Bg6 {[%clk 01:06:50]}
{[%emt 00:02:48]} 13. Bg5 {[%clk 00:42:20]} {[%emt 00:01:18]} h6 {[%clk
01:03:42]} {[%emt 00:03:38]} 14. Bxe7 {[%clk 00:42:08]} {[%emt 00:00:42]} Qxe7
{[%clk 01:04:03]} {[%emt 00:00:08]} 15. Qe2 {[%clk 00:41:20]} {[%emt 00:01:18]}
Rad8 {[%clk 00:59:58]} {[%emt 00:04:35]} 16. Rad1 {[%clk 00:34:24]} {[%emt
00:07:25]} b6 {[%clk 00:55:38]} {[%emt 00:04:51]} 17. Ne4 {[%clk 00:32:15]}
{[%emt 00:02:40]} Bxe4 {[%clk 00:43:39]} {[%emt 00:12:29]} 18. Qxe4 {[%clk
00:32:18]} {[%emt 00:00:26]} Qc7 {[%clk 00:40:52]} {[%emt 00:03:17]} 19. a3
{[%clk 00:30:44]} {[%emt 00:02:05]} Ne7 {[%clk 00:39:11]} {[%emt 00:02:10]} 20.
b4 {[%clk 00:10:08]} {[%emt 00:21:06]} cxb4 {[%clk 00:36:15]} {[%emt 00:03:26]}
21. axb4 {[%clk 00:10:31]} {[%emt 00:00:07]} Rd7 {[%clk 00:34:51]} {[%emt
00:01:54]} 22. Ra1 {[%clk 00:05:43]} {[%emt 00:05:19]} Rfd8 {[%clk 00:34:16]}
{[%emt 00:01:04]} 23. Ra3 {[%clk 00:05:28]} {[%emt 00:00:46]} c5 {[%clk
00:32:34]} {[%emt 00:02:11]} 24. b5 {[%clk 00:05:33]} {[%emt 00:00:25]} Nd5
{[%clk 00:28:08]} {[%emt 00:04:56]} 25. Rea1 {[%clk 00:05:32]} {[%emt
00:00:32]} Qb8 {[%clk 00:27:24]} {[%emt 00:01:13]} 26. Nd2 {[%clk 00:03:06]}
{[%emt 00:02:57]} Nb4 {[%clk 00:22:48]} {[%emt 00:05:06]} 27. Rc1 {[%clk
00:03:27]} {[%emt 00:00:09]} Rd4 {[%clk 00:20:25]} {[%emt 00:02:52]} 28. Qe2
{[%clk 00:03:48]} {[%emt 00:00:08]} R4d7 {[%clk 00:19:25]} {[%emt 00:01:30]}
29. Nc4 {[%clk 00:04:07]} {[%emt 00:00:11]} Nd5 {[%clk 00:18:45]} {[%emt
00:01:10]} 30. Rca1 {[%clk 00:03:57]} {[%emt 00:00:40]} Ne7 {[%clk 00:17:42]}
{[%emt 00:01:33]} 31. Nd6 {[%clk 00:04:06]} {[%emt 00:00:21]} Ng6 {[%clk
00:14:33]} {[%emt 00:03:38]} 32. Qe4 {[%clk 00:03:57]} {[%emt 00:00:40]} Nxe5
{[%clk 00:10:06]} {[%emt 00:04:57]} 33. Qxe5 {[%clk 00:04:16]} {[%emt
00:00:11]} Qxd6 {[%clk 00:10:18]} {[%emt 00:00:18]} 34. Qxd6 {[%clk 00:04:35]}
{[%emt 00:00:11]} Rxd6 {[%clk 00:10:43]} {[%emt 00:00:05]} 35. Rxa7 {[%clk
00:05:00]} {[%emt 00:00:06]} Rc8 {[%clk 00:08:17]} {[%emt 00:02:56]} 36. Rb7
{[%clk 00:05:04]} {[%emt 00:00:25]} c4 {[%clk 00:07:42]} {[%emt 00:01:06]} 37.
dxc4 {[%clk 00:03:43]} {[%emt 00:01:51]} Rxc4 {[%clk 00:06:52]} {[%emt
00:01:19]} 38. Ra8+ {[%clk 00:03:48]} {[%emt 00:00:24]} Kh7 {[%clk 00:06:59]}
{[%emt 00:00:23]} 39. Rxf7 {[%clk 00:03:35]} {[%emt 00:00:44]} e5 {[%clk
00:05:57]} {[%emt 00:01:32]} 40. Raa7 {[%clk 00:03:18]} {[%emt 00:00:47]} Rg6
{[%clk 00:06:19]} {[%emt 00:00:07]} 41. Rac7 {[%clk 00:03:10]} {[%emt
00:00:39]} Rb4 {[%clk 00:04:03]} {[%emt 00:02:46]} 42. c4 {[%clk 00:02:51]}
{[%emt 00:00:50]} Rb1+ {[%clk 00:03:32]} {[%emt 00:01:01]} 43. Kh2 {[%clk
00:03:14]} {[%emt 00:00:07]} Rc1 {[%clk 00:03:33]} {[%emt 00:00:28]} 44. g3
{[%clk 00:04:30]} {[%emt 00:29:13]} Rc2 {[%clk 00:30:27]} {[%emt 00:03:36]} 45.
Kg1 {[%clk 00:04:32]} {[%emt 00:00:29]} Rc3 {[%clk 00:22:16]} {[%emt 00:08:41]}
46. Rfe7 {[%clk 00:03:57]} {[%emt 00:01:05]} Rc1+ {[%clk 00:22:15]} {[%emt
00:00:30]} 47. Kg2 {[%clk 00:04:22]} {[%emt 00:00:06]} Rc2 {[%clk 00:22:28]}
{[%emt 00:00:17]} 48. Kf1 {[%clk 00:00:37]} {[%emt 00:04:15]} Rg5 {[%clk
00:10:04]} {[%emt 00:12:54]} 49. h4 {[%clk 00:00:58]} {[%emt 00:00:09]} Rg4
{[%clk 00:08:20]} {[%emt 00:02:13]} 50. Rxe5 {[%clk 00:01:15]} {[%emt
00:00:13]} Rcxc4 {[%clk 00:08:16]} {[%emt 00:00:35]} 51. Rxc4 {[%clk 00:01:36]}
{[%emt 00:00:10]} Rxc4 {[%clk 00:08:41]} {[%emt 00:00:04]} 52. Re6 {[%clk
00:01:59]} {[%emt 00:00:07]} Rb4 {[%clk 00:08:44]} {[%emt 00:00:27]} 53. Rxb6
{[%clk 00:02:22]} {[%emt 00:00:07]} Rb2 {[%clk 00:09:07]} {[%emt 00:00:07]} 54.
Kg2 {[%clk 00:02:39]} {[%emt 00:00:13]} Rb3 {[%clk 00:08:13]} {[%emt 00:01:24]}
55. h5 {[%clk 00:02:44]} {[%emt 00:00:24]} 1-0